Catalog

Record Details

Catalog Search



Systematische Theologie. Band 3, Das Leben und der Geist : die Geschichte und das Reich Gottes / Paul Tillich

Record details

  • Physical Description: 534 s. ; 22 cm
  • Edition: 4. Aufl.
  • Publisher: Stuttgart : Evangelisches Verlagswerk, 1966
Subject: Duch (Trojice)
dějiny
království Boží
systematická teologie
život

Available copies

  • 1 of 1 copy available at Common Catalog SPOK.

Holds

  • 0 current holds with 1 total copy.
Show Only Available Copies
Location Call Number / Copy Notes Barcode Shelving Location Status Due Date
Jabok Library ST-2.2 424480012854 Odborná literatura Available -

LDR 00848cam a22002657a 4500
00112885
003CZ-PrJAB
00520190814063423.0
007ta
008950426s1966 gw r ger d
035 . ‡a(CZ PrCU)000113348
040 . ‡aABD027 ‡bcze ‡cABD027 ‡dABD027
1001 . ‡aTillich, Paul, ‡d1886-1965 ‡7jn20000701816 ‡4aut
24510. ‡aSystematische Theologie. ‡nBand 3, ‡pDas Leben und der Geist : ‡bdie Geschichte und das Reich Gottes / ‡cPaul Tillich
250 . ‡a4. Aufl.
260 . ‡aStuttgart : ‡bEvangelisches Verlagswerk, ‡c1966
300 . ‡a534 s. ; ‡b22 cm
65007. ‡aDuch (Trojice) ‡2ctt
65007. ‡adějiny ‡2ctt
65007. ‡akrálovství Boží ‡2ctt
65007. ‡asystematická teologie ‡2ctt
65007. ‡aživot ‡2ctt
910 . ‡aABG312
901 . ‡a12885 ‡bCZ PrCU ‡c12885 ‡tbiblio

Additional Resources